000 00383 a2200133 4500
005 20250626123742.0
020 _a978-0-7517-4697-6
082 _a657.45 ACC
111 _aAdvanced Audit and Assurance International
245 _aPaper 7 Advanced Audit and Assurance International
260 _aLondon,
_bBPP Learning Media Ltd
_c2008.
300 _aviii,380p.;
_c28cm
942 _2ddc
_cBKS
999 _c5324
_d5324